Missing Word: Madonna Songs (A-Z) Quiz Stats

 Plays Quiz Updated May 22, 2013

Support Sporcle.
Go Orange.
Score 0/22 Timer 03:00
0 Plays Today
Song Title Missing Word % Correct
Like a ____Virgin
93.6%
____ Don't PreachPapa
92%
Girls Gone ____Wild
91.7%
Dress ____ UpYou
91.1%
____ Really MattersNothing
89%
What It ____ Like for a GirlFeels
88.7%
____ Another DayDie
88.5%
Ray of ____Light
88.2%
____ Your HeartOpen
86.8%
____ GirlMaterial
86.6%
This ____ to Be My PlaygroundUsed
84.9%
Song Title Missing Word % Correct
Lucky ____Star
70.1%
La ____ BonitaIsla
68.3%
True ____Blue
66.5%
____ YourselfExpress
64%
____ My LoveJustify
59.3%
____ for YouCrazy
53.5%
Into the ____Groove
48.2%
Don't ____ MeTell
40.6%
____ LifeAmerican
31.8%
____ MeRescue
30.8%
____ UpHung
30.8%

Today's Daily Dose

Word Ladder
ING Words

Get the Picture
Nearest Volcano

From the Vault

Two Clues: 'M' Words

by MSUKent

We find 'M' to be the most delicious letter.
Remove Ads.
Support Sporcle.
Get the best of Sporcle when you Go Orange. This ad-free experience offers more features, more stats, and more fun while also helping to support Sporcle. Thank you for becoming a member.

Show Comments

Extras

Top Quizzes Today


Score Distribution

Your Account Isn't Verified!

In order to create a playlist on Sporcle, you need to verify the email address you used during registration. Go to your Sporcle Settings to finish the process.

Report this User

Report this user for behavior that violates our Community Guidelines.

Details: